Normal view MARC view

Entry Personal Name

Number of records used in: 1

001 - CONTROL NUMBER

  • control field: 663

003 - CONTROL NUMBER IDENTIFIER

  • control field: DLC

005 - DATE AND TIME OF LATEST TRANSACTION

  • control field: 20191221142617.0

008 - FIXED-LENGTH DATA ELEMENTS

  • fixed length control field: 920224n| acannaabn |a aaa

010 ## - LIBRARY OF CONGRESS CONTROL NUMBER

  • LC control number: n 89283954

035 ## - SYSTEM CONTROL NUMBER

  • System control number: (OCoLC)oca03115630

040 ## - CATALOGING SOURCE

  • Original cataloging agency: DLC
  • Transcribing agency: DLC
  • Modifying agency: DLC
  • Modifying agency: DLC-ON

100 1# - HEADING--PERSONAL NAME

  • Personal name: Balakrishnan, Pulapre

400 0# - SEE FROM TRACING--PERSONAL NAME

  • Personal name: Pulapre Balakrishnan

400 1# - SEE FROM TRACING--PERSONAL NAME

  • Personal name: Balakrishnan, P.
  • Fuller form of name: (Pulapre)

670 ## - SOURCE DATA FOUND

  • Source citation: His Pricing and inflation in India, 1991:
  • Information found: t.p. (Pulapre Balakrishnan) jkt. (graduate work at Jawaharlal Nehru Univ., New Delhi, Oxford, as well as Cambridge; presently reader in Ind. Statistical Inst., Bangalore)

670 ## - SOURCE DATA FOUND

  • Source citation: Total factor productivity growth in Indian manufacturing, 1994:
  • Information found: t.p. (P. Balakrishnan)

Powered by Koha